Geography of Myanmar - Statistics

General Stats
  • This quiz has been taken 417 times
  • The average score is 13 of 20
Answer Stats
Question Answer % Correct
What is the most practiced religion in Myanmar? Buddhism
94%
With what country does Myanmar share its longest border? Thailand
94%
What body of water is located between Myanmar and the Indian subcontinent? Bay of {Bengal}
93%
What city used to serve as the capital of Myanmar until 2006? Yangon
91%
What is the official language of Myanmar? Burmese
90%
By what name was the above formerly known as? Rangoon
86%
What religion is practiced by the majority of the above? Islam
85%
What is the capital of Myanmar? Naypyidaw
85%
What river makes Myanmar's border with Laos? Mekong
82%
90% of what type of blood-red gemstone in the world comes from Myanmar? Ruby
69%
What major sea is situated between Myanmar and Indonesia? {Andaman} Sea
59%
What is the most populous inland city of Myanmar? Mandalay
59%
On what peninsula is the southernmost tip of Myanmar located? {Malay} Peninsula
56%
What is the main export of Myanmar? Oil
52%
What is the longest river in Myanmar? Irrawaddy
51%
What persecuted ethnic group from the Northwest has been migrating to Bangladesh? Rohingya
51%
What major Chinese province, starting with the letter Y, does Myanmar border? Yunnan
46%
What type of natural disaster, that hit Myanmar in May 2008, was the worst and deadliest in the recorded history of Myanmar? Cyclone
39%
What is the name of the currency used in Myanmar? Kyat
26%
What type of majestic bird is the national animal of Myanmar? Green {Peafowl}
23%
No matching quizzes found
Score Distribution
Percent of People with Each Score
Percentile by Number Answered
Your Score History
You have not taken this quiz